000
00280nam a22001097a 4500
082
_a
900/THA
100
_a
Thapa,Bhekh Bahadur
_9
83721
245
_a
A Life In Public Service Nepal From Autocracy To Democracy
260
_a
Harayana
_b
Penguin
_c
2026
650
_a
History
942
_c
BK
999
_c
68682
_d
68682